Forced labour and human trafficking (Record no. 222668)
[ view plain ]
| 000 -LEADER | |
|---|---|
| fixed length control field | 01286nam a2200337 a 4500 |
| 100 1# - MAIN ENTRY--AUTHOR NAME | |
| Personal name | Andrees, Beate. |
| 245 10 - TITLE STATEMENT | |
| Title | Forced labour and human trafficking |
| 260 ## - PUBLICATION, DISTRIBUTION, ETC. (IMPRINT) | |
| Place of publication | Geneva : |
| Name of publisher | International Labour Office, |
| Year of publication | 2008. |
| 300 ## - PHYSICAL DESCRIPTION | |
| Number of Pages | ix, 61 p. : |
| Other physical details | ill. |
| 650 #0 - SUBJECT ADDED ENTRY--TOPICAL TERM | |
| Topical Term | Labor inspection. |
| Topical Term | Forced labor. |
| Topical Term | Forced labor (International law) |
| Topical Term | Human trafficking. |
| Topical Term | Slave trade |
| Topical Term | Labor unions. |
| 856 40 - ELECTRONIC LOCATION AND ACCESS | |
| Uniform Resource Identifier | http://site.ebrary.com/lib/rucke/Doc?id=10512025 |
No items available.
